|
|
|
|
| LEADER |
01452nam a2200397 a 4500 |
| 001 |
000567112 |
| 003 |
CZ BrMZK |
| 005 |
20070406131635.0 |
| 007 |
ta |
| 008 |
000115s2001 xr cze d |
| 015 |
|
|
|a cnb001004994
|
| 020 |
|
|
|a 80-246-0264-4
|
| 035 |
|
|
|a (OCoLC)50342028
|
| 040 |
|
|
|a BOA001
|b cze
|
| 072 |
|
7 |
|a 519
|x Kombinatorika. Teorie grafů. Matematická statistika. Operační výzkum. Matematické modelování
|2 Konspekt
|9 13
|
| 080 |
|
|
|a 612.6.05
|2 MRF
|
| 080 |
|
|
|a 519.21
|2 MRF
|
| 080 |
|
|
|a (075)
|2 MRF
|
| 100 |
1 |
|
|a Zvárová, Jana,
|d 1943-2017
|7 nlk19990074087
|4 aut
|
| 245 |
1 |
0 |
|a Stochastická genetika /
|c Jana Zvárová, Ivan Mazura ; statistická spolupráce Jan Svatoš
|
| 246 |
1 |
8 |
|a Biomedicínská statistika II
|
| 250 |
|
|
|a 1. vyd.
|
| 260 |
|
|
|a Praha :
|b Karolinum,
|c 2001
|
| 300 |
|
|
|a 171 s. :
|b il. ;
|c 21 cm
|
| 490 |
1 |
|
|a Biomedicínská statistika ;
|v 2
|
| 504 |
|
|
|a Obsahuje bibliografii a rejstřík
|
| 650 |
0 |
7 |
|a genetika člověka
|7 ph114611
|2 czenas
|
| 650 |
0 |
7 |
|a teorie pravděpodobnosti
|7 ph116429
|2 czenas
|
| 655 |
|
7 |
|a učebnice
|7 fd133770
|2 czenas
|
| 700 |
1 |
|
|a Svatoš, Jan
|7 xx0007475
|4 aut
|
| 700 |
1 |
|
|a Mazura, Ivan,
|d 1955-
|7 jo20000074098
|4 aut
|
| 710 |
2 |
|
|a Univerzita Karlova
|7 kn20010710036
|
| 830 |
|
0 |
|a Biomedicínská statistika
|0 s
|
| 910 |
|
|
|a BOA001
|b 2-1088.466
|
| 990 |
|
|
|a BK
|
| 996 |
6 |
|
|b 2610140286
|c 2-1088.466
|l MZK
|r Sklad / do 1 hodiny
|n 1
|p p.v.
|w 000567112
|u 000010
|a 1
|e BOA001
|j MZK50
|s P
|